000 00334nam a2200133Ia 4500
008 260604s9999 xx 000 0 und d
020 _a9780144001019
082 _a823.92 MUR
100 _aSudha murty
245 0 _aThe Old Man and His God: Discovering the Spirt of India
260 _bPenguin
500 _aSudha murty
942 _cBK
999 _c8728
_d8728